Introducción a la filosofía matemática

Kaydedildi:
Detaylı Bibliyografya
Yazar: Russell, Bertrand (Yazar)
Materyal Türü: Kitap
Dil:İspanyolca
Baskı/Yayın Bilgisi: Buenos Aires Losada 1945
Konular:
Etiketler: Etiketle
Etiket eklenmemiş, İlk siz ekleyin!

MARC

LEADER 00000nam a2200000 a 4500
001 UCV8061
003 CL-VaPUC
008 900510e19450000AG |||||||||||||||||spa|d
082 0 4 |a 510.1  |b RUS  |2 21 
100 0 |a Russell, Bertrand  |e author  |9 302145 
245 1 0 |a Introducción a la filosofía matemática 
300 |a 287 p 
942 |c BK 
945 |d 19900510 00:00:00 
260 |a Buenos Aires  |b Losada  |c 1945 
650 0 |a Filosofía de las matemáticas   |9 265233 
583 |a last modification  |c 20180314 14:48:53  |k Rodrigo Vera 
999 |c 213645  |d 213643 
952 |0 0  |1 0  |4 0  |6 510_100000000000000_RUS_1945  |7 0  |8 P  |9 196220  |a BIBEDU  |b BIBEDU  |c BIBEDU_PB  |d 2019-11-14  |i 3362213  |l 9  |m 1  |o 510.1 RUS 1945  |p 3362213  |r 2024-01-25  |s 2021-09-07  |w 2019-11-14  |y BK  |k FIL